| 000 -LEADER |
| fixed length control field |
00284nam a22001097a 4500 |
| 020 ## - INTERNATIONAL STANDARD BOOK NUMBER |
| International Standard Book Number |
9789385254895 |
| 082 ## - DEWEY DECIMAL CLASSIFICATION NUMBER |
| Classification number |
A6x54 H224 |
| 100 ## - MAIN ENTRY--PERSONAL NAME |
| Personal name |
Hari, D.K. |
| 9 (RLIN) |
53085 |
| 245 ## - TITLE STATEMENT |
| Title |
U Turn India |
| Statement of responsibility, etc |
D.K. Hari and D. K. Hema Hari |
| 260 ## - PUBLICATION, DISTRIBUTION, ETC. (IMPRINT) |
| Place of publication, distribution, etc |
Bangluru |
| Name of publisher, distributor, etc |
Shri Shri Publication |
| Date of publication, distribution, etc |
2017 |
| 300 ## - PHYSICAL DESCRIPTION |
| Extent |
288p. |